[Event "25th 4NCL Congress"]
[Site "Leamington Spa, United Kingdom"]
[Date "2021.07.09"]
[Round "1.13"]
[White "Balaji, Aaravamudhan"]
[Black "Stoica, Savas Marin"]
[Result "1-0"]
[TimeControl "All moves in 90 minutes + 30 seconds per move"]
[WhiteElo "2206"]
[BlackElo "1833"]

1. d4 {[%clk 01:30:57]} {[%emt 00:00:02]} d5 {[%clk 01:30:55]} {[%emt
00:00:05]} 2. c4 {[%clk 01:31:22]} {[%emt 00:00:06]} e6 {[%clk 01:31:21]}
{[%emt 00:00:03]} 3. Nc3 {[%clk 01:31:36]} {[%emt 00:00:17]} c6 {[%clk
01:31:32]} {[%emt 00:00:19]} 4. e4 {[%clk 01:31:57]} {[%emt 00:00:09]} dxe4
{[%clk 01:31:56]} {[%emt 00:00:05]} 5. Nxe4 {[%clk 01:32:24]} {[%emt 00:00:04]}
Bb4+ {[%clk 01:32:20]} {[%emt 00:00:06]} 6. Bd2 {[%clk 01:32:51]} {[%emt
00:00:02]} Qxd4 {[%clk 01:32:43]} {[%emt 00:00:08]} 7. Bxb4 {[%clk 01:33:18]}
{[%emt 00:00:04]} Qxe4+ {[%clk 01:33:05]} {[%emt 00:00:06]} 8. Be2 {[%clk
01:33:36]} {[%emt 00:00:12]} Na6 {[%clk 01:23:21]} {[%emt 00:10:14]} 9. Bc3
{[%clk 01:33:21]} {[%emt 00:00:45]} Ne7 {[%clk 01:22:46]} {[%emt 00:01:05]} 10.
Nf3 {[%clk 01:23:38]} {[%emt 00:10:13]} O-O {[%clk 01:17:34]} {[%emt 00:05:41]}
11. O-O {[%clk 01:15:06]} {[%emt 00:09:02]} Ng6 {[%clk 01:08:12]} {[%emt
00:09:54]} 12. Re1 {[%clk 00:58:52]} {[%emt 00:16:43]} Qf4 {[%clk 00:56:19]}
{[%emt 00:12:24]} 13. Bf1 {[%clk 00:54:06]} {[%emt 00:05:15]} f6 {[%clk
00:50:19]} {[%emt 00:06:30]} 14. g3 {[%clk 00:53:08]} {[%emt 00:01:27]} Qc7
{[%clk 00:49:46]} {[%emt 00:01:03]} 15. h4 {[%clk 00:53:22]} {[%emt 00:00:16]}
e5 {[%clk 00:48:21]} {[%emt 00:01:56]} 16. h5 {[%clk 00:45:50]} {[%emt
00:08:02]} Rd8 {[%clk 00:46:42]} {[%emt 00:02:09]} 17. Qc2 {[%clk 00:38:44]}
{[%emt 00:07:36]} Nf8 {[%clk 00:47:06]} {[%emt 00:00:06]} 18. h6 {[%clk
00:37:54]} {[%emt 00:01:20]} g6 {[%clk 00:38:34]} {[%emt 00:09:01]} 19. Qe4
{[%clk 00:31:37]} {[%emt 00:06:47]} Ne6 {[%clk 00:33:08]} {[%emt 00:05:56]} 20.
Rad1 {[%clk 00:26:36]} {[%emt 00:05:31]} Nac5 {[%clk 00:30:17]} {[%emt
00:03:21]} 21. Qh4 {[%clk 00:25:12]} {[%emt 00:02:26]} g5 {[%clk 00:29:10]}
{[%emt 00:01:05]} 22. Rxd8+ {[%clk 00:24:53]} {[%emt 00:00:49]} Qxd8 {[%clk
00:29:39]} 23. Qh5 {[%clk 00:25:03]} {[%emt 00:00:21]} Bd7 {[%clk 00:28:32]}
{[%emt 00:01:37]} 24. Nh2 {[%clk 00:24:17]} {[%emt 00:01:16]} Qe7 {[%clk
00:23:41]} {[%emt 00:05:21]} 25. Bh3 {[%clk 00:16:30]} {[%emt 00:08:17]} Rf8
{[%clk 00:19:29]} {[%emt 00:04:42]} 26. Bf5 {[%clk 00:15:42]} {[%emt 00:01:18]}
Na4 {[%clk 00:18:12]} {[%emt 00:01:47]} 27. Qf3 {[%clk 00:10:02]} {[%emt
00:06:10]} Nxc3 {[%clk 00:17:52]} {[%emt 00:00:50]} 28. bxc3 {[%clk 00:10:31]}
{[%emt 00:00:01]} Nc5 {[%clk 00:16:44]} {[%emt 00:01:38]} 29. Ng4 {[%clk
00:08:52]} {[%emt 00:02:09]} Bxf5 {[%clk 00:16:33]} {[%emt 00:00:42]} 30. Qxf5
{[%clk 00:09:20]} {[%emt 00:00:02]} Qe6 {[%clk 00:17:02]} 31. Qxe6+ {[%clk
00:08:34]} {[%emt 00:01:17]} Nxe6 {[%clk 00:17:31]} 32. Rd1 {[%clk 00:09:04]}
{[%emt 00:00:02]} Nc5 {[%clk 00:08:50]} {[%emt 00:09:10]} 33. Rd6 {[%clk
00:06:12]} {[%emt 00:03:21]} Ne4 {[%clk 00:06:52]} {[%emt 00:02:29]} 34. Rd7
{[%clk 00:06:18]} {[%emt 00:00:24]} Rf7 {[%clk 00:06:25]} {[%emt 00:00:57]} 35.
Rd3 {[%clk 00:05:44]} {[%emt 00:01:04]} Kf8 {[%clk 00:06:01]} {[%emt 00:00:55]}
36. Ne3 {[%clk 00:05:37]} {[%emt 00:00:36]} f5 {[%clk 00:05:39]} {[%emt
00:00:52]} 37. g4 {[%clk 00:05:33]} {[%emt 00:00:34]} fxg4 {[%clk 00:03:44]}
{[%emt 00:02:25]} 38. Nxg4 {[%clk 00:06:02]} {[%emt 00:00:01]} Rf5 {[%clk
00:03:57]} {[%emt 00:00:17]} 39. Rd7 {[%clk 00:02:49]} {[%emt 00:03:43]} Rf7
{[%clk 00:04:26]} 40. Rd3 {[%clk 00:00:55]} {[%emt 00:02:26]} Re7 {[%clk
00:02:53]} {[%emt 00:02:02]} 41. f3 {[%clk 00:00:53]} {[%emt 00:00:32]} Ng3
{[%clk 00:01:59]} {[%emt 00:01:24]} 42. Rd8+ {[%emt 00:00:34]} Kf7 {[%emt
00:00:02]} 43. Rh8 {[%clk 00:01:02]} {[%emt 00:00:18]} Kg6 {[%clk 00:02:05]}
{[%emt 00:00:52]} 44. Rg8+ {[%clk 00:01:13]} {[%emt 00:00:18]} Kh5 {[%clk
00:02:09]} {[%emt 00:00:27]} 45. Kf2 {[%clk 00:00:42]} {[%emt 00:01:01]} Nf5
{[%clk 00:02:30]} {[%emt 00:00:08]} 46. Rd8 {[%clk 00:01:06]} {[%emt 00:00:06]}
Nxh6 {[%clk 00:02:05]} {[%emt 00:00:56]} 47. Nf6+ {[%clk 00:01:23]} {[%emt
00:00:14]} Kg6 {[%clk 00:02:26]} {[%emt 00:00:08]} 48. Ne4 {[%clk 00:01:42]}
{[%emt 00:00:10]} Nf7 {[%clk 00:02:40]} {[%emt 00:00:17]} 49. Rg8+ {[%clk
00:01:48]} {[%emt 00:00:24]} Kf5 {[%clk 00:02:57]} {[%emt 00:00:09]} 50. Rg7
{[%clk 00:01:24]} {[%emt 00:00:59]} h6 {[%clk 00:02:23]} {[%emt 00:01:03]} 51.
c5 {[%clk 00:01:52]} {[%emt 00:00:01]} Rd7 {[%clk 00:01:59]} {[%emt 00:00:54]}
52. c4 {[%clk 00:01:37]} {[%emt 00:00:46]} Ke6 {[%clk 00:02:09]} {[%emt
00:00:19]} 53. Rg8 {[%clk 00:01:02]} {[%emt 00:01:06]} Rd8 {[%clk 00:01:38]}
{[%emt 00:01:02]} 54. Rg7 {[%clk 00:00:54]} {[%emt 00:00:37]} Rd4 {[%clk
00:00:55]} {[%emt 00:01:13]} 55. Rg8 {[%clk 00:01:14]} {[%emt 00:00:10]} Rd8
{[%clk 00:00:39]} {[%emt 00:00:46]} 56. Rg7 {[%clk 00:01:28]} {[%emt 00:00:17]}
a5 {[%clk 00:00:58]} 57. Ke3 {[%clk 00:01:33]} {[%emt 00:00:36]} Rh8 {[%clk
00:00:54]} {[%emt 00:00:34]} 58. Kf2 {[%clk 00:01:12]} {[%emt 00:00:51]} a4
{[%clk 00:01:04]} {[%emt 00:00:19]} 59. a3 {[%clk 00:01:05]} {[%emt 00:00:38]}
Rb8 {[%clk 00:01:01]} {[%emt 00:00:33]} 60. Ke2 {[%clk 00:00:37]} {[%emt
00:00:58]} b6 {[%emt 00:00:43]} 61. Rg6+ {[%clk 00:00:44]} {[%emt 00:00:24]}
Kd7 {[%clk 00:01:16]} 62. Rg7 {[%clk 00:00:54]} {[%emt 00:00:20]} Ke6 {[%clk
00:01:09]} {[%emt 00:00:38]} 63. Rg6+ {[%clk 00:00:57]} {[%emt 00:00:27]} Ke7
{[%clk 00:01:19]} {[%emt 00:00:20]} 64. Rxc6 {[%clk 00:01:20]} {[%emt
00:00:07]} bxc5 {[%clk 00:01:44]} {[%emt 00:00:05]} 65. Nxc5 {[%clk 00:01:42]}
{[%emt 00:00:07]} Rb2+ {[%clk 00:02:02]} {[%emt 00:00:12]} 66. Ke3 {[%clk
00:00:55]} {[%emt 00:01:17]} Ra2 {[%clk 00:02:23]} {[%emt 00:00:09]} 67. Ke4
{[%clk 00:01:06]} {[%emt 00:00:19]} Rxa3 {[%clk 00:02:33]} {[%emt 00:00:21]} 68.
Ra6 {[%clk 00:00:59]} {[%emt 00:00:38]} Nd6+ {[%clk 00:02:35]} {[%emt
00:00:27]} 69. Kd5 {[%clk 00:01:16]} {[%emt 00:00:13]} Nc8 {[%clk 00:00:51]}
{[%emt 00:02:13]} 70. Rc6 {[%clk 00:00:46]} {[%emt 00:01:02]} Kd8 {[%clk
00:00:38]} {[%emt 00:00:42]} 71. Ne6+ {[%clk 00:01:02]} {[%emt 00:00:14]} Kd7
{[%clk 00:01:02]} {[%emt 00:00:06]} 72. Rc7+ {[%clk 00:01:29]} {[%emt
00:00:03]} Ke8 {[%clk 00:01:13]} {[%emt 00:00:19]} 73. Rxc8+ {[%clk 00:01:57]}
{[%emt 00:00:02]} Kf7 {[%clk 00:01:37]} {[%emt 00:00:05]} 74. Ra8 {[%clk
00:00:54]} {[%emt 00:01:35]} Rxf3 {[%clk 00:01:45]} {[%emt 00:00:22]} 75. Rf8+
{[%clk 00:01:19]} {[%emt 00:00:05]} 1-0

[Event "25th 4NCL Congress"]
[Site "Leamington Spa, United Kingdom"]
[Date "2021.07.09"]
[Round "1.14"]
[White "Truman, Richard G"]
[Black "Villiers, Thomas"]
[Result "0-1"]
[TimeControl "All moves in 90 minutes + 30 seconds per move"]
[WhiteElo "1913"]
[BlackElo "2161"]

1. d4 {[%clk 01:30:41]} {[%emt 00:00:18]} d5 {[%clk 01:30:57]} {[%emt
00:00:03]} 2. c4 {[%clk 01:31:03]} {[%emt 00:00:08]} dxc4 {[%clk 01:31:21]}
{[%emt 00:00:07]} 3. e4 {[%clk 01:29:06]} {[%emt 00:02:26]} Nf6 {[%clk
01:31:14]} {[%emt 00:00:37]} 4. e5 {[%clk 01:28:55]} {[%emt 00:00:41]} Nd5
{[%clk 01:31:35]} {[%emt 00:00:09]} 5. Bxc4 {[%clk 01:29:14]} {[%emt 00:00:12]}
c6 {[%clk 01:31:18]} {[%emt 00:00:47]} 6. Nf3 {[%clk 01:23:52]} {[%emt
00:05:51]} Bg4 {[%clk 01:30:58]} {[%emt 00:00:49]} 7. h3 {[%clk 01:21:27]}
{[%emt 00:02:57]} Bxf3 {[%clk 01:29:18]} {[%emt 00:02:09]} 8. Qxf3 {[%clk
01:21:47]} {[%emt 00:00:10]} e6 {[%clk 01:29:46]} {[%emt 00:00:02]} 9. Qe4
{[%clk 01:13:36]} {[%emt 00:08:40]} Nd7 {[%clk 01:27:45]} {[%emt 00:02:31]} 10.
O-O {[%clk 01:12:48]} {[%emt 00:01:18]} N7b6 {[%clk 01:26:14]} {[%emt
00:02:01]} 11. Bb3 {[%clk 01:12:29]} {[%emt 00:00:49]} c5 {[%clk 01:25:39]}
{[%emt 00:01:05]} 12. Nd2 {[%clk 01:12:07]} {[%emt 00:00:52]} Rc8 {[%clk
01:23:55]} {[%emt 00:02:15]} 13. Nf3 {[%clk 01:08:01]} {[%emt 00:04:35]} Be7
{[%clk 01:21:43]} {[%emt 00:02:42]} 14. Bd2 {[%clk 01:03:26]} {[%emt 00:05:05]}
O-O {[%clk 01:20:31]} {[%emt 00:01:41]} 15. Rad1 {[%clk 00:56:40]} {[%emt
00:07:18]} Qd7 {[%clk 01:13:27]} {[%emt 00:07:33]} 16. Bg5 {[%clk 00:56:10]}
{[%emt 00:01:00]} c4 {[%clk 01:10:30]} {[%emt 00:03:27]} 17. Bc2 {[%clk
00:56:22]} {[%emt 00:00:17]} g6 {[%clk 01:10:58]} {[%emt 00:00:02]} 18. Qh4
{[%clk 00:55:08]} {[%emt 00:01:44]} f6 {[%clk 01:10:04]} {[%emt 00:01:25]} 19.
exf6 {[%clk 00:55:06]} {[%emt 00:00:31]} Bxf6 {[%clk 01:10:17]} {[%emt
00:00:17]} 20. Ne5 {[%clk 00:40:31]} {[%emt 00:15:05]} Bxg5 {[%clk 01:07:28]}
{[%emt 00:03:20]} 21. Qxg5 {[%clk 00:40:37]} {[%emt 00:00:24]} Qe7 {[%clk
01:07:54]} {[%emt 00:00:03]} 22. Qxe7 {[%emt 00:00:34]} Nxe7 {[%emt 00:00:04]}
23. Rfe1 {[%clk 00:38:37]} {[%emt 00:01:53]} Ned5 {[%clk 01:05:02]} {[%emt
00:03:22]} 24. Be4 {[%clk 00:34:01]} {[%emt 00:05:06]} Rc7 {[%clk 01:04:24]}
{[%emt 00:01:07]} 25. Bf3 {[%clk 00:31:54]} {[%emt 00:02:39]} Kg7 {[%clk
00:57:27]} {[%emt 00:07:26]} 26. Ng4 {[%clk 00:28:49]} {[%emt 00:03:35]} Nf4
{[%clk 00:56:45]} {[%emt 00:01:11]} 27. Be4 {[%clk 00:21:44]} {[%emt 00:07:35]}
Nbd5 {[%clk 00:55:47]} {[%emt 00:01:29]} 28. Ne3 {[%clk 00:21:58]} {[%emt
00:00:16]} b5 {[%clk 00:55:54]} {[%emt 00:00:23]} 29. Kh2 {[%clk 00:17:55]}
{[%emt 00:04:33]} Nb4 {[%clk 00:55:40]} {[%emt 00:00:43]} 30. a3 {[%clk
00:17:49]} {[%emt 00:00:38]} Nbd3 {[%clk 00:56:02]} {[%emt 00:00:07]} 31. Bxd3
{[%clk 00:17:52]} {[%emt 00:00:27]} Nxd3 {[%clk 00:56:20]} {[%emt 00:00:12]} 32.
Re2 {[%clk 00:18:13]} {[%emt 00:00:09]} Rxf2 {[%clk 00:55:29]} {[%emt
00:01:22]} 33. Rxf2 {[%clk 00:18:29]} {[%emt 00:00:14]} Nxf2 {[%clk 00:55:53]}
{[%emt 00:00:06]} 34. Rd2 {[%clk 00:15:54]} {[%emt 00:03:05]} Ne4 {[%clk
00:56:04]} {[%emt 00:00:19]} 35. Re2 {[%clk 00:14:09]} {[%emt 00:02:15]} Nf6
{[%clk 00:56:19]} {[%emt 00:00:16]} 36. Nc2 {[%clk 00:12:24]} {[%emt 00:02:16]}
Kf7 {[%clk 00:56:41]} {[%emt 00:00:07]} 37. Re5 {[%clk 00:12:05]} {[%emt
00:00:49]} Nd5 {[%clk 00:56:45]} {[%emt 00:00:23]} 38. Nb4 {[%clk 00:10:36]}
{[%emt 00:02:03]} a5 {[%clk 00:56:42]} {[%emt 00:00:33]} 39. Nxd5 {[%clk
00:10:41]} {[%emt 00:00:23]} exd5 {[%clk 00:57:09]} {[%emt 00:00:04]} 40. Rxd5
{[%clk 00:10:44]} {[%emt 00:00:27]} b4 {[%clk 00:57:38]} {[%emt 00:00:02]} 41.
axb4 {[%clk 00:07:03]} {[%emt 00:04:10]} axb4 {[%clk 00:58:04]} {[%emt
00:00:04]} 42. Re5 {[%clk 00:04:23]} {[%emt 00:03:11]} c3 {[%clk 00:58:29]}
{[%emt 00:00:05]} 43. bxc3 {[%clk 00:04:46]} {[%emt 00:00:06]} bxc3 {[%clk
00:58:56]} {[%emt 00:00:03]} 44. Re1 {[%clk 00:05:09]} {[%emt 00:00:06]} c2
{[%clk 00:59:24]} {[%emt 00:00:04]} 45. Rc1 {[%clk 00:05:36]} {[%emt 00:00:02]}
Ke6 {[%clk 00:59:51]} {[%emt 00:00:03]} 0-1

[Event "25th 4NCL Congress"]
[Site "Leamington Spa, United Kingdom"]
[Date "2021.07.09"]
[Round "1.15"]
[White "Willmoth, Robert F"]
[Black "Adams, Mark A"]
[Result "1-0"]
[TimeControl "All moves in 90 minutes + 30 seconds per move"]
[WhiteElo "2103"]
[BlackElo "1944"]

1. d4 {[%clk 01:30:55]} {[%emt 00:00:05]} Nf6 {[%clk 01:30:17]} {[%emt
00:00:43]} 2. Nf3 {[%clk 01:31:11]} {[%emt 00:00:14]} e6 {[%clk 01:30:40]}
{[%emt 00:00:07]} 3. g3 {[%clk 01:31:04]} {[%emt 00:00:38]} b6 {[%clk
01:29:20]} {[%emt 00:01:49]} 4. Bg2 {[%clk 01:31:24]} {[%emt 00:00:10]} Bb7
{[%clk 01:29:44]} {[%emt 00:00:06]} 5. O-O {[%clk 01:31:41]} {[%emt 00:00:12]}
Be7 {[%clk 01:28:53]} {[%emt 00:01:21]} 6. c4 {[%clk 01:32:05]} {[%emt
00:00:07]} O-O {[%clk 01:28:16]} {[%emt 00:01:07]} 7. d5 {[%clk 01:31:56]}
{[%emt 00:00:39]} exd5 {[%clk 01:25:28]} {[%emt 00:03:19]} 8. Nh4 {[%clk
01:32:21]} {[%emt 00:00:05]} c5 {[%clk 01:18:57]} {[%emt 00:07:01]} 9. cxd5
{[%clk 01:32:20]} {[%emt 00:00:30]} d6 {[%clk 01:19:13]} {[%emt 00:00:15]} 10.
Nc3 {[%clk 01:32:30]} {[%emt 00:00:20]} g6 {[%clk 01:13:21]} {[%emt 00:06:22]}
11. Bh6 {[%clk 01:30:28]} {[%emt 00:02:32]} Re8 {[%clk 01:13:42]} {[%emt
00:00:11]} 12. e4 {[%clk 01:30:36]} {[%emt 00:00:21]} Nfd7 {[%clk 00:59:43]}
{[%emt 00:14:29]} 13. f4 {[%clk 01:17:19]} {[%emt 00:13:46]} a6 {[%clk
00:38:27]} {[%emt 00:21:47]} 14. a4 {[%clk 01:14:50]} {[%emt 00:02:58]} Bf6
{[%clk 00:31:07]} {[%emt 00:07:50]} 15. Nf3 {[%clk 01:14:00]} {[%emt 00:01:20]}
Ra7 {[%clk 00:30:21]} {[%emt 00:01:18]} 16. Qd2 {[%clk 01:13:42]} {[%emt
00:00:45]} Bc8 {[%clk 00:24:04]} {[%emt 00:06:49]} 17. Rae1 {[%clk 01:12:08]}
{[%emt 00:02:03]} Bh8 {[%clk 00:12:34]} {[%emt 00:12:01]} 18. Rf2 {[%clk
01:09:51]} {[%emt 00:02:46]} Nf8 {[%clk 00:10:44]} {[%emt 00:02:21]} 19. h3
{[%clk 01:04:22]} {[%emt 00:05:58]} Nbd7 {[%clk 00:05:24]} {[%emt 00:05:51]} 20.
Rfe2 {[%clk 01:02:44]} {[%emt 00:02:07]} f6 {[%clk 00:02:53]} {[%emt 00:03:02]}
21. g4 {[%clk 01:03:00]} {[%emt 00:00:12]} Nb8 {[%clk 00:02:50]} {[%emt
00:00:36]} 22. g5 {[%clk 01:02:55]} {[%emt 00:00:34]} Rae7 {[%clk 00:02:37]}
{[%emt 00:00:44]} 23. gxf6 {[%clk 01:02:46]} {[%emt 00:00:38]} Bxf6 {[%clk
00:03:01]} {[%emt 00:00:06]} 24. e5 {[%clk 01:02:50]} {[%emt 00:00:25]} 1-0

[Event "25th 4NCL Congress"]
[Site "Leamington Spa, United Kingdom"]
[Date "2021.07.09"]
[Round "1.16"]
[White "Shapland, David"]
[Black "Sedykh, Mikhail"]
[Result "0-1"]
[TimeControl "All moves in 90 minutes + 30 seconds per move"]
[WhiteElo "1759"]
[BlackElo "2119"]

1. e4 {[%clk 01:30:49]} {[%emt 00:00:04]} c5 {[%clk 01:30:53]} {[%emt
00:00:15]} 2. Nf3 {[%clk 01:31:13]} {[%emt 00:00:05]} d6 {[%clk 01:31:09]}
{[%emt 00:00:14]} 3. d4 {[%clk 01:31:37]} {[%emt 00:00:06]} cxd4 {[%clk
01:31:32]} {[%emt 00:00:07]} 4. Nxd4 {[%clk 01:32:00]} {[%emt 00:00:06]} Nf6
{[%clk 01:31:50]} {[%emt 00:00:12]} 5. Nc3 {[%clk 01:32:22]} {[%emt 00:00:09]}
a6 {[%clk 01:32:06]} {[%emt 00:00:15]} 6. Bc4 {[%clk 01:31:49]} {[%emt
00:01:02]} e6 {[%clk 01:32:12]} {[%emt 00:00:24]} 7. Bb3 {[%clk 01:32:08]}
{[%emt 00:00:11]} Nc6 {[%clk 01:32:14]} {[%emt 00:00:29]} 8. Be3 {[%clk
01:32:29]} {[%emt 00:00:09]} Be7 {[%clk 01:31:26]} {[%emt 00:01:18]} 9. Qe2
{[%clk 01:32:34]} {[%emt 00:00:24]} Nxd4 {[%clk 01:28:03]} {[%emt 00:03:54]} 10.
Bxd4 {[%clk 01:32:54]} {[%emt 00:00:09]} b5 {[%clk 01:25:57]} {[%emt 00:02:38]}
11. O-O-O {[%clk 01:31:04]} {[%emt 00:02:20]} O-O {[%clk 01:11:31]} {[%emt
00:14:57]} 12. Rhg1 {[%clk 01:27:18]} {[%emt 00:04:15]} b4 {[%clk 01:08:40]}
{[%emt 00:03:21]} 13. Na4 {[%clk 01:24:09]} {[%emt 00:03:38]} Bd7 {[%clk
01:03:19]} {[%emt 00:05:52]} 14. g4 {[%clk 01:20:42]} {[%emt 00:03:57]} e5
{[%clk 00:49:45]} {[%emt 00:14:04]} 15. Bb6 {[%clk 01:17:25]} {[%emt 00:03:46]}
Qe8 {[%clk 00:35:40]} {[%emt 00:14:37]} 16. g5 {[%clk 01:16:53]} {[%emt
00:01:02]} Bxa4 {[%clk 00:31:57]} {[%emt 00:04:13]} 17. gxf6 {[%clk 01:17:00]}
{[%emt 00:00:22]} Bxf6 {[%clk 00:32:14]} {[%emt 00:00:12]} 18. Rxd6 {[%clk
01:09:46]} {[%emt 00:07:43]} Bxb3 {[%clk 00:14:17]} {[%emt 00:18:28]} 19. Rxf6
{[%clk 01:07:04]} {[%emt 00:03:12]} Qe7 {[%clk 00:12:46]} {[%emt 00:02:03]} 20.
Rh6 {[%clk 01:06:01]} {[%emt 00:01:31]} Kh8 {[%clk 00:09:33]} {[%emt 00:03:44]}
21. Qg4 {[%clk 01:03:27]} {[%emt 00:03:03]} f5 {[%clk 00:08:45]} {[%emt
00:01:19]} 22. exf5 {[%clk 00:55:32]} {[%emt 00:08:25]} gxh6 {[%clk 00:07:10]}
{[%emt 00:02:05]} 23. axb3 {[%clk 00:49:39]} {[%emt 00:06:23]} Rg8 {[%clk
00:06:35]} {[%emt 00:01:05]} 24. Qd1 {[%clk 00:49:48]} {[%emt 00:00:20]} Rxg1
{[%clk 00:05:56]} {[%emt 00:01:09]} 25. Qxg1 {[%clk 00:50:11]} {[%emt
00:00:06]} Qg5+ {[%clk 00:03:37]} {[%emt 00:02:49]} 26. Qxg5 {[%clk 00:50:27]}
{[%emt 00:00:15]} hxg5 {[%clk 00:04:06]} {[%emt 00:00:01]} 27. Bc7 {[%clk
00:49:15]} {[%emt 00:01:42]} e4 {[%clk 00:03:38]} {[%emt 00:00:58]} 28. Be5+
{[%clk 00:49:17]} {[%emt 00:00:27]} Kg8 {[%clk 00:04:06]} {[%emt 00:00:03]} 29.
Kd2 {[%clk 00:49:03]} {[%emt 00:00:43]} Re8 {[%clk 00:03:53]} {[%emt 00:00:45]}
30. Bd4 {[%clk 00:49:08]} {[%emt 00:00:24]} Kf7 {[%clk 00:01:42]} {[%emt
00:02:42]} 31. Ke3 {[%clk 00:48:41]} {[%emt 00:00:55]} Ke7 {[%clk 00:01:02]}
{[%emt 00:01:12]} 32. Kxe4 {[%clk 00:46:25]} {[%emt 00:02:46]} Kd6+ {[%clk
00:01:31]} {[%emt 00:00:01]} 33. Kf3 {[%clk 00:46:27]} {[%emt 00:00:28]} h5
{[%clk 00:01:35]} {[%emt 00:00:26]} 34. h3 {[%clk 00:45:09]} {[%emt 00:01:48]}
Kd5 {[%clk 00:01:47]} {[%emt 00:00:19]} 35. Bg7 {[%clk 00:44:47]} {[%emt
00:00:52]} Re7 {[%clk 00:00:55]} {[%emt 00:01:22]} 36. f6 {[%clk 00:45:05]}
{[%emt 00:00:11]} Rc7 {[%clk 00:01:03]} {[%emt 00:00:22]} 37. Ke3 {[%clk
00:44:23]} {[%emt 00:01:12]} Ke6 {[%clk 00:01:19]} {[%emt 00:00:14]} 38. Kd3
{[%clk 00:42:22]} {[%emt 00:02:31]} Rd7+ {[%clk 00:01:31]} {[%emt 00:00:19]} 39.
Ke3 {[%clk 00:42:23]} {[%emt 00:00:28]} Rd1 {[%clk 00:01:14]} {[%emt 00:00:47]}
40. Kf3 {[%clk 00:32:05]} {[%emt 00:10:48]} Rc1 {[%clk 00:01:14]} {[%emt
00:00:31]} 41. c3 {[%clk 00:30:54]} {[%emt 00:01:41]} bxc3 {[%clk 00:00:45]}
{[%emt 00:00:59]} 42. f7 {[%clk 00:31:14]} {[%emt 00:00:10]} Kxf7 {[%clk
00:01:08]} {[%emt 00:00:07]} 43. Bxc3 {[%clk 00:31:38]} {[%emt 00:00:06]} Rh1
{[%clk 00:00:40]} {[%emt 00:00:58]} 44. Kg2 {[%clk 00:31:53]} {[%emt 00:00:14]}
Rd1 {[%clk 00:00:54]} {[%emt 00:00:16]} 45. Kg3 {[%clk 00:31:26]} {[%emt
00:00:58]} Kg6 {[%clk 00:00:50]} {[%emt 00:00:34]} 46. h4 {[%clk 00:30:20]}
{[%emt 00:01:36]} Rd3+ {[%clk 00:01:05]} {[%emt 00:00:14]} 47. Kg2 {[%clk
00:29:48]} {[%emt 00:01:03]} gxh4 {[%clk 00:01:16]} {[%emt 00:00:19]} 48. b4
{[%clk 00:29:42]} {[%emt 00:00:36]} Kf5 {[%clk 00:01:33]} {[%emt 00:00:13]} 49.
f3 {[%clk 00:28:28]} {[%emt 00:01:43]} Kf4 {[%clk 00:01:23]} {[%emt 00:00:40]}
50. Kh3 {[%clk 00:28:27]} {[%emt 00:00:31]} Rd1 {[%clk 00:01:08]} {[%emt
00:00:45]} 51. Kg2 {[%clk 00:28:07]} {[%emt 00:00:49]} h3+ {[%clk 00:01:14]}
{[%emt 00:00:25]} 52. Kxh3 {[%clk 00:28:16]} {[%emt 00:00:21]} Kxf3 {[%clk
00:01:34]} {[%emt 00:00:10]} 53. Kh2 {[%clk 00:28:03]} {[%emt 00:00:42]} Rc1
{[%clk 00:00:45]} {[%emt 00:01:20]} 54. Bf6 {[%clk 00:27:51]} {[%emt 00:00:41]}
Rc4 {[%clk 00:00:45]} {[%emt 00:00:31]} 55. Bc3 {[%clk 00:28:08]} {[%emt
00:00:13]} Ke3 {[%clk 00:00:59]} {[%emt 00:00:16]} 56. Kh3 {[%clk 00:28:01]}
{[%emt 00:00:37]} Kd3 {[%clk 00:01:15]} {[%emt 00:00:14]} 57. Bf6 {[%clk
00:27:16]} {[%emt 00:01:15]} Rxb4 {[%clk 00:01:37]} {[%emt 00:00:09]} 58. Bc3
{[%clk 00:27:30]} {[%emt 00:00:16]} Rc4 {[%clk 00:01:42]} {[%emt 00:00:26]} 59.
Bf6 {[%clk 00:27:45]} {[%emt 00:00:15]} Kc2 {[%clk 00:02:02]} {[%emt 00:00:10]}
60. Bg7 {[%clk 00:27:39]} {[%emt 00:00:35]} Rb4 {[%clk 00:02:27]} {[%emt
00:00:05]} 61. Bf6 {[%clk 00:28:04]} {[%emt 00:00:05]} Rxb2 {[%clk 00:02:52]}
{[%emt 00:00:04]} 0-1